| 000 | 00951nam a2200217Ii 4500 | ||
|---|---|---|---|
| 003 | JO-AjNU | ||
| 008 | 230605s9999||||xx |||||||||||||| ||und|| | ||
| 017 | _a2002/3/579 | ||
| 040 |
_aJO-AjNU _bara _erda _cJO-AjNU |
||
| 041 | _aara | ||
| 050 | 1 | 4 | _aPJ7696.15.A17 2002 |
| 100 | 3 |
_aتأليف، إمرؤ القيس ؛ قرأه ووضع فهارسه وعلق عليه عمر فجاوي, _eauthor _947600 |
|
| 245 | 0 | 0 | _aشرح ديوان إمرؤ القيس لأبي جعفر النحاس (ت 338 هـ) |
| 264 | 3 | 1 | _aعمان:وزارة الثقافة،2002 |
| 300 | _a258ص | ||
| 336 |
_atext _btxt _2rdacontent |
||
| 337 |
_aunmediated _bn _2rdamedia |
||
| 338 |
_avolume _bnc _2rdacarrier |
||
| 490 | 0 | _aسلسلة كتب ثقافية تصدرها وزارة الثقافة المملكة الأردنية الهاشمية ، كتاب الشهر 24 | |
| 650 | 4 |
_a الشعر العربي - تاريخ ونقد - العصر الجاهلي _947601 |
|
| 999 |
_aA20790 _c24358 _d24358 |
||